000 00366nam a2200145Ia 4500
008 230917s9999||||xx |||||||||||||| ||und||
040 _e8547
_aMAIN
041 _aEnglish
082 _a327.116 K167T
100 _aKaushik, Devendra
245 0 _aTowards collective security in Asia
260 _aBombay
_bAllied Publishers
_c1973
300 _a81 p.
942 _cBK
999 _c189343
_d189343